Dvě pohřebiště neolitického lidu s lineární keramikou ve Vedrovicích na Moravě. - Brno. - 2002 [Rezension]

Titel: Dvě pohřebiště neolitického lidu s lineární keramikou ve Vedrovicích na Moravě. - Brno. - 2002 [Rezension]
Verfasser:
In: Pravěk, Band 12 (2002), Seite 467-469
alle Artikel anzeigen
Veröffentlicht: 2002 [2003]
Format: Aufsatz
Sprache: Tschechisch
Kein Bild verfügbar
X
alg: 39518026
001A    $01999:12-11-16 
001B    $01999:09-08-21 $t17:42:15.000 
001D    $01999:12-11-16 
001U    $0utf8 
001X    $00 
002@    $0Aox 
003@    $0395180260 
007A    $0395180260 $aHEB 
007T    $0Herdp18479 
010@    $acze 
011@    $a2002 $n2002 [2003] 
021A    $aDvě pohřebiště neolitického lidu s lineární keramikou ve Vedrovicích na Moravě. - Brno. -  2002 [Rezension] 
028A    $aPavúk $dJuraj 
031A    $d12 $h467-469 $j2002 
039B    $aIn $8--Abvc--. Pravěk. - Brno {[u.a.] : Ústav Archeologické Památkové Péče Brno, 1903-. - ISSN 1211-8338 $x200200000120000533 $9047306319 
039T    $8--Aau--. Dvě pohřebiště neolitického lidu s lineární keramikou ve Vedrovicích na Moravě. - Brno, 2002. - 343 S.. - Ill., graph. Darst., Kt.. - ISBN 80-210-2933-1 $911349677X 
045F    $a900.94371 $eDDC23BSB 
045F/01 $a900 
045F/03 $g4371 
045T    $a6,11 $a6,12 

lok: 39518026 78

exp: 39518026 78 1 #EPN
201B/01 $026-11-17 $t04:07:35.000 
201U/01 $0utf8 
203@/01 $0791490580 
208@/01 $a12-11-16 $be 
209A/01 $a/ $f000 $x00 
220C/01 $aTitelaufnehmer: rb 
220C/01 $aHerkunft: HÚ AV ČR Praha 
244Z/01 $#Tschechien $#Tschechische Republik $#Tschechische Republik $#Tschechenland $#Tschechei Tschechien $#Česká Republika $#Czech Republic $#ČR $74303381-7 $8--Tg1--Tschechien $x01 $9086659812 
244Z/01 $2Trx $#Böhmen $#Bohemia $#Czechy $8--Trx--Čechy $x02 $9391188941 
244Z/01 $2Trx $#arvustused $#recenzijos $#Reviews $#recenziók $#recenzje $#recenzie $#recenze $8--Trx--Rezensionen $x03 $9391357441 
247C/01 $82080>Marburg/Lahn, Herder-Institut, Forschungsbibliothek, Bibliographieportal $9336309341
LEADER 00000caa a22000002c 4500
001 395180260
003 DE-603
005 20210809174215.0
007 tu
008 161112s2002 xx |||| | u00||u|cze c
035 |a (DE-599)HEB395180260 
040 |a DE-603  |b ger  |c DE-603  |d DE-603 
041 |a cze 
082 0 4 |8 1\u  |a 900.94371  |q DE-101  |2 23/BSB 
084 |a 6,11  |a 6,12  |2 ssgn 
085 |8 1\u  |b 900 
085 |8 1\u  |z 2  |s 4371 
100 1 |a Pavúk, Juraj 
245 0 0 |a Dvě pohřebiště neolitického lidu s lineární keramikou ve Vedrovicích na Moravě. - Brno. - 2002 [Rezension] 
264 0 |c 2002 [2003] 
773 0 8 |i In  |t Pravěk  |d Brno ˜[u.a.] œ: Ústav Archeologické Památkové Péče Brno, 1903-  |x 1211-8338  |g Band 12 (2002), Seite 467-469  |w (DE-603)047306319  |w (DE-600)209024-7 
787 0 8 |i Rezension von  |t Dvě pohřebiště neolitického lidu s lineární keramikou ve Vedrovicích na Moravě  |d Brno, 2002  |h 343 S., Ill., graph. Darst., Kt.  |z 8021029331  |w (DE-603)11349677X 
924 0 |9 2080  |a (DE-603)791490580  |b DE-2080  |c HES  |d d  |g /